Government and Parliament : (Record no. 25770)
[ view plain ]
| 000 -LEADER | |
|---|---|
| fixed length control field | 00810cam a22002535a 4500 |
| 001 - CONTROL NUMBER | |
| control field | 2640529 |
| 005 - DATE AND TIME OF LATEST TRANSACTION | |
| control field | 20171224104819.0 |
| 008 - FIXED-LENGTH DATA ELEMENTS--GENERAL INFORMATION | |
| fixed length control field | 701120r19651964enk fr f001 0 eng d |
| 040 ## - CATALOGING SOURCE | |
| Original cataloging agency | DLC |
| Transcribing agency | DLC |
| Modifying agency | DLC |
| -- | MoSU-L |
| -- | EG-ScBUE |
| Language of cataloging | eng |
| 043 ## - GEOGRAPHIC AREA CODE | |
| Geographic area code | e-uk--- |
| 082 04 - DEWEY DECIMAL CLASSIFICATION NUMBER | |
| Classification number | 354.41 |
| Edition number | 22 |
| Item number | MOR |
| 100 1# - MAIN ENTRY--PERSONAL NAME | |
| Personal name | Morrison, Herbert, |
| Dates associated with a name | 1888-1965. |
| 245 10 - TITLE STATEMENT | |
| Title | Government and Parliament : |
| Remainder of title | a survey from the inside / |
| Statement of responsibility, etc | Morrison. |
| 250 ## - EDITION STATEMENT | |
| Edition statement | 3d ed., Reprint ed. |
| 260 ## - PUBLICATION, DISTRIBUTION, ETC. (IMPRINT) | |
| Place of publication, distribution, etc | London ; |
| -- | New York : |
| Name of publisher, distributor, etc | Oxford University Press, |
| Date of publication, distribution, etc | 1965. |
| 300 ## - PHYSICAL DESCRIPTION | |
| Extent | 384 p. ; |
| Dimensions | 20 cm. |
| 490 0# - Series Statement | |
| Series statement | Oxford paperbacks, |
| Volume/sequential designation | 80 |
| 500 ## - GENERAL NOTE | |
| General note | Reprinted of 1964 ed. |
| 500 ## - GENERAL NOTE | |
| General note | Index : p. 371-384. |
| 650 ## - SUBJECT ADDED ENTRY--TOPICAL TERM | |
| Source of heading or term | BUEsh |
| 651 #7 - SUBJECT ADDED ENTRY--GEOGRAPHIC NAME | |
| Geographic name | Great Britain |
| General subdivision | Politics and government |
| Chronological subdivision | 20th century. |
| Source of heading or term | BUEsh |
| 653 ## - INDEX TERM--UNCONTROLLED | |
| Resource For college | BAEPS, Political Science |
| -- | Generalities |
| Arrived date list | December2017 |
| 942 ## - ADDED ENTRY ELEMENTS (KOHA) | |
| Source of classification or shelving scheme | Dewey Decimal Classification |
| Withdrawn status | Item status | Source of classification or shelving scheme | Damaged status | Not for loan | Home library | Current library | Date acquired | Total Checkouts | Full call number | Barcode | Date last seen | Koha item type |
|---|---|---|---|---|---|---|---|---|---|---|---|---|
| Dewey Decimal Classification | Central Library | Central Library | 24/12/2017 | 354.41 MOR | 000046976 | 15/07/2025 | Book - Borrowing |